Towards a modern Asia : Aims, resources, and strategies : proceedings of the Third International Conference on the Modernization of Asia, held at the Universiti Sains Malaysia, Penang, 3-8 September 1972
Enregistré dans:
| Format: | Livre |
|---|---|
| Langue: | Undetermined |
| Publié: |
Kuala Lumpur
On behalf of Universiti Sains Malaysia by Heinemann Educational Books
1976
|
| Sujets: | |
| Tags: |
Ajouter un tag
Pas de tags, Soyez le premier à ajouter un tag!
|
| Thư viện lưu trữ: | Trung tâm Học liệu Trường Đại học Cần Thơ |
|---|
| LEADER | 00736nam a2200193Ia 4500 | ||
|---|---|---|---|
| 001 | CTU_90244 | ||
| 008 | 210402s9999 xx 000 0 und d | ||
| 082 | |a 950.42 | ||
| 082 | |b T737 | ||
| 245 | 0 | |a Towards a modern Asia : | |
| 245 | 0 | |b Aims, resources, and strategies : proceedings of the Third International Conference on the Modernization of Asia, held at the Universiti Sains Malaysia, Penang, 3-8 September 1972 | |
| 245 | 0 | |c Edited by Lim Teck Ghee and Vincent Lowe | |
| 260 | |a Kuala Lumpur | ||
| 260 | |b On behalf of Universiti Sains Malaysia by Heinemann Educational Books | ||
| 260 | |c 1976 | ||
| 650 | |a Congresses | ||
| 650 | |x Asia | ||
| 904 | |i Bằng,Hải | ||
| 980 | |a Trung tâm Học liệu Trường Đại học Cần Thơ | ||